000 00277 a2200145 4500
001 174823
020 _a
040 _cMagnum
100 _aRamos, Clara
240 1 0 _aA formigarra
_lpor
245 1 0 _aA formigarra
362 0 _a1899
697 _aIJ/ECOLOGIA
942 _cBK
999 _c174823
_d174823